Los tribunales constitucionales (Registro nro. 4259)
[ vista simple ]
| 000 -Cabecera | |
|---|---|
| Campo de control de longitud fija | 00541aam a2200217 4500 |
| 005 - Fecha y hora de la última transacción | |
| Campo de control | 20230912180305.0 |
| 008 - Elementos de longitud fija--Información general | |
| Campo de control de longitud fija | 150407b1994 xxu||||| |||| 00| 0 spa d |
| 020 ## - International Standard Book Number | |
| Número Internacional Estándar del Libro (ISBN) | 8434411148 |
| 041 ## - Idioma | |
| Código de idioma | Español |
| 082 ## - Clasificación Decimal Dewey | |
| Número de clasificación | 342.05 F275t |
| 100 ## - Entrada principal--Autor personal | |
| Nombre personal | Favoreu, Louis |
| 9 (RLIN) | 32017 |
| 245 ## - Título propiamente dicho | |
| Título | Los tribunales constitucionales |
| 260 ## - Pie de imprenta | |
| Lugar de publicación, distribución, etc. | España |
| 260 ## - Pie de imprenta | |
| Nombre del editor, distribuidor, etc. | Ariel |
| 260 ## - Pie de imprenta | |
| Fecha de publicación, distribución, etc. | 1994 |
| 300 ## - Descripción física | |
| Extensión | 158 páginas |
| 650 ## - Materia general | |
| Temática (materia general) | DERECHO CONSTITUCIONAL |
| 650 ## - Materia general | |
| Temática (materia general) | TRIBUNALES CONSTITUCIONALES |
| 650 ## - Materia general | |
| Temática (materia general) | JURISPRUDENCIA |
| 942 ## - Punto de acceso adicional KOHA | |
| Tipo de ítem KOHA | Libro |
| Fuente del sistema de clasificación o colocación | Dewey Decimal Classification |
| Signatura completa | Código de barras | Tipo de ítem |
|---|---|---|
| 342.05 F275t | 8710 | Libro |